Yo vengo a ofrecer mi poema (Registro nro. 57051)

Detalles MARC
000 -CABECERA
Longitud fija campo de control 02581nam a2200397 i 4500
003 - • IDENTIFICADOR DELl NÚMERO DE CONTROL
Identificador del número de control CO-BoRNBP
005 - • FECHA Y HORA DE LA ÚLTIMA TRANSACCIÓN
Fecha y hora de la última transacción 20250307160426.0
007 - • CAMPO FIJO DE DESCRIPCIÓN FÍSICA
Campo fijo de descripción física ta
008 - • CÓDIGOS DE INFORMACIÓN DE LONGITUD FIJA
Códigos de información de longitud fija 231120s2022 ck o|||er 001 pcspa d
020 ## - • NÚMERO INTERNACIONAL NORMALIZADO PARA LIBROS
Número Internacional Normalizado para Libros (ISBN) 9789585303331
040 ## - FUENTE DE LA CATALOGACIÓN
Centro catalogador de origen CO-BoRNBP
Lengua de catalogación spa
Centro transcriptor CO-BoRNBP
Normas de descripción rda
041 0# - • CÓDIGO DE LENGUA
Código de lengua del texto/banda sonora o título independiente spa
043 ## - CÓDIGO DE ÁREA GEOGRÁFICA
Código de área geográfica s-cl---
084 ## - • Clasificación Local Alfanúmerica PNLB
Número de clasificación P YOY1
100 1# - • PUNTO DE ACCESO PRINCIPAL-NOMBRE DE PERSONA
Nombre de persona Yezzed, Fredy,
Fechas asociadas al nombre 1979- ,
Término indicativo de función autor
245 10 - • TITULO PROPIAMENTE DICHO
Título Yo vengo a ofrecer mi poema
Resto del título antología de resistencia
Mención de responsabilidad, etc. Fredy Yezzed ... [y otros ciento cuarenta y seis autores]
250 ## - • MENCIÓN DE EDICIÓN
Mención de edición Primera edición
264 #1 - PRODUCCIÓN, PUBLICACIÓN , DISTRIBUCIÓN, FABRICACIÓN Y COPYRIGHT
Lugar de producción, publicación, distribución, fabricación Bogotá, Colombia
Nombre del productor, editor, distribuidor, fabricante Editorial Escarabajo
Fecha de de producción, publicación, distribución, fabricación o copyright 2021
300 ## - • DESCRIPCIÓN FÍSICA
Extensión 607 páginas
Otras características físicas fotografías en blanco y negro
Dimensiones 24 cm
336 ## - TIPO DE CONTENIDO
Término de tipo de contenido texto
Código de tipo de contenido txt
Fuente rdacontenido
337 ## - TIPO DE MEDIO
Nombre del tipo de medio sin mediación
Código del tipo de medio n
Fuente rdamedio
338 ## - TIPO DE SOPORTE
Nombre del tipo de soporte volumen
Código del tipo de soporte nc
Fuente rdasoporte
500 ## - • NOTA GENERAL
Nota general Incluye índice y datos biográficos de los autores
520 3# - • NOTA DE RESUMEN
Resumen, etc, <<Marcho lleno de un vigor supremo y nuevo, soy parte de una procesión inacabable>>, escribió Walt Whitman, y esa es la esencia que alimenta esta antología sobre la resistencia, cuyo grito estalló en Chile y se propagó por Colombia a finales de 2019.<br/><br/>Yo vengo a ofrecer mi poema convoca a más de trescientos poemas venidos de diferentes latitudes- para desnudar la vértebra de una época arrastrada por la violencia, la pobreza, la desigualdad y la injusticia social, pero también para dar cuenta de hombres y mujeres llenos de dignidad y esperanza.<br/><br/>Estos poemas salen a la calle, se leen en las paredes, se expresan sin violencia y acompañan con solidaridad a los manifestantes.<br/><br/>El lector encontrará en este volumen versos que preguntan por nuestra noción de país, por los desaparecidos, por los líderes y lideresas asesinados, por la violencia contra la mujer, por la injusticia y la corrupción, por la identidad latinoamericana, por el dolor del mundo, por las formas de hacer Memoria con la ayuda de la belleza y el asombro.<br/>(Tomado a partes del texto).
521 ## - • NOTA DE P&Uacute;BLICO DESTINATARIO
Nota público destinatario (R ) Recomendado para un público adulto
650 17 - • PUNTO DE ACCESO ADICIONAL DE MATERIA - T&Eacute;RMINO DE MATERIA
Término de materia o nombre geográfico como elemento inicial Poesía latinoamericana
Subdivisión cronológica Siglo XX
Fuente del encabezamiento o término ARMARC
650 17 - • PUNTO DE ACCESO ADICIONAL DE MATERIA - T&Eacute;RMINO DE MATERIA
Término de materia o nombre geográfico como elemento inicial Literatura latinoamericana
Subdivisión cronológica Siglo XX
Fuente del encabezamiento o término ARMARC
650 17 - • PUNTO DE ACCESO ADICIONAL DE MATERIA - T&Eacute;RMINO DE MATERIA
Término de materia o nombre geográfico como elemento inicial Movimientos de protesta
Subdivisión de forma Poesía
Fuente del encabezamiento o término ARMARC
650 17 - • PUNTO DE ACCESO ADICIONAL DE MATERIA - T&Eacute;RMINO DE MATERIA
Término de materia o nombre geográfico como elemento inicial Violencia
Subdivisión de forma Poesía
Fuente del encabezamiento o término ARMARC
650 17 - • PUNTO DE ACCESO ADICIONAL DE MATERIA - T&Eacute;RMINO DE MATERIA
Término de materia o nombre geográfico como elemento inicial Poesía revolucionaria
Fuente del encabezamiento o término ARMARC
650 17 - • PUNTO DE ACCESO ADICIONAL DE MATERIA - T&Eacute;RMINO DE MATERIA
Término de materia o nombre geográfico como elemento inicial Brutalidad policial en la literatura
Fuente del encabezamiento o término ARMARC
700 1# - • PUNTO DE ACCESO ADICIONAL - NOMBRE DE PERSONA
Nombre de persona Yezzed, Fredy
Término indicativo de función selección
700 1# - • PUNTO DE ACCESO ADICIONAL - NOMBRE DE PERSONA
Nombre de persona Rojas Warner, Stefhany
Término indicativo de función selección
700 1# - • PUNTO DE ACCESO ADICIONAL - NOMBRE DE PERSONA
Nombre de persona Bechara Navratilova, Eduardo
Fechas asociadas al nombre selección
942 ## - ENTRADA DE ELEMENTOS AGREGADOS (KOHA)
Fuente de clasificaión o esquema
Koha [por defecto] tipo de item Libro Literatura
Existencias
Perdido Fuente de clasificaci&oacute;n o esquema Estado Físico No para pr&eacute;stamo Forma de adquisición Localizaci&oacute;n permanente Localizaci&oacute;n actual Localización en estanterías Fecha adquisici&oacute;n Pr&eacute;stamos totales Signatura completa C&oacute;digo de barras Fecha &uacute;ltima consulta N&uacute;mero de copia Fecha del precio de reemplazo Tipo de item de Koha Fuente de adquisici&oacute;n
  Dewey Decimal Classification     Colección General Biblioteca Pública Dorado Biblioteca Pública Dorado General 02/19/2026   P YOY1 DOR03348 02/19/2026 Ej.1 02/19/2026 Libro Literatura  
  Dewey Decimal Classification     Colección General Biblioteca Pública José Eustasio Rivera - San Martin Biblioteca Pública José Eustasio Rivera - San Martin General 09/24/2025   P YOY1 SM04168 09/24/2025 Ej.1 09/24/2025 Libro Literatura  
  Dewey Decimal Classification     Colección General Biblioteca Pública José Eustasio Rivera - San Martin Biblioteca Pública José Eustasio Rivera - San Martin General 09/24/2025   P YOY1 SM04250 09/30/2025 Ej.1 09/24/2025 Libro Literatura  
  Dewey Decimal Classification     Colección General Biblioteca Pública Puerto Lleras Biblioteca Pública Puerto Lleras Literatura 08/12/2025   P YOY1 PLL00171 08/12/2025 Ej.1 08/12/2025 Libro Literatura  
  Dewey Decimal Classification     Colección General Biblioteca Pública San Carlos de Guaroa - Eduardo Carranza Biblioteca Pública San Carlos de Guaroa - Eduardo Carranza Literatura 08/20/2025   P YOY1 SG04079 08/20/2025 Ej.1 08/20/2025 Libro Literatura  
  Dewey Decimal Classification     Colección General Biblioteca Pública El Castillo - Alfonso Meneses Biblioteca Pública El Castillo - Alfonso Meneses Literatura 10/07/2025   P YOY1 EC03028 10/07/2025 Ej.1 10/07/2025 Libro Literatura  
  Dewey Decimal Classification     Colección General Biblioteca Pública Cabuyaro Biblioteca Pública Cabuyaro General 09/25/2025   P YOY1 CAB001252 09/25/2025 Ej.1 09/25/2025 Libro Literatura  
  Dewey Decimal Classification     Literatura General Biblioteca Pública Granada - Boca del Monte Biblioteca Pública Granada - Boca del Monte Literatura 02/18/2026   P YOY1 GRDA02060 02/18/2026 Ej.1 02/18/2026 Libro Literatura Biblioteca Nacional de Colombia
  Dewey Decimal Classification     Colección General Biblioteca Pública Guamal Biblioteca Pública Guamal Literatura 02/04/2025   P YOY1 GUA004898 03/07/2025 Ej.1 03/07/2025 Libro Literatura  
  Dewey Decimal Classification     Colección General Biblioteca Pública Mapiripan Biblioteca Pública Mapiripan Literatura 08/21/2025   P YOY1 MAP00004418 08/21/2025 Ej.1 08/21/2025 Libro Literatura  
  Clasificación Local Facetada     Colección General Biblioteca Pública San Juanito - Ernesto Maria Peña Romero Biblioteca Pública San Juanito - Ernesto Maria Peña Romero Literatura 08/25/2025   P YOY1 SJU01608 08/25/2025 Ej.1 08/25/2025 Libro Literatura  
  Dewey Decimal Classification     Colección General Biblioteca Pública Uribe - Reinerio Arenas Biblioteca Pública Uribe - Reinerio Arenas Literatura 10/22/2025   P YOY1 URI03222 10/22/2025 Ej.1 10/22/2025 Libro Literatura  









Instituto Departamental de Cultura del Meta - Red Departamental de Bibliotecas Públicas del Meta.